000 00729nam1a2200277 i 4500
001 RU\NLR\BIBL_A\011587265
005 20240726221332.0
010 _a9785699985593
_91000
035 _a(NLR Aleph) 011587265
090 _a10830146
_c10830146
100 _a20171212g20179999m y0rusy50 ca
101 0 _arus
102 _aRU
105 _a||||z |||||
200 1 _aПараллель 1376
_fДорф Евграффов
210 _aМосква
_cЭксмо
_d2017
215 _d20
333 _a16+
686 2 _aШ6(2=Р)8-445
700 1 _aЕвграффов
_bД.
_gДорф
852 _aNLR
_j2017-3/34295
942 _cBOOK
980 _aNBR